Poľnohospodári myslia aj na životné prostredie rozhovor s Vasiľom Saloňom, riaditeľom RPaPK

Bibliographic Details
Main Author: Saloň, Vasiľ (Author)
Format: Article
Language:Slovak
PhysicalDescription:Fotogr.
Subjects:

MARC

LEADER 00000nab a2200000 a 4500
001 vtls008962533
003 SK-MaSNL
005 20260303070725.0
008 070410 2007 xo w n 000 0 slo
015 |a SLLK2007  |2 sllk 
038 |a SLLK 
040 |a SLLK  |b slo  |c sllk  |e AACR2 
041 0 |a slo 
044 |a xo  |c SK 
080 |a 334.788(437.6):631+663/664:061.3  |2 1997 
245 0 0 |a Poľnohospodári myslia aj na životné prostredie  |b rozhovor s Vasiľom Saloňom, riaditeľom RPaPK  |c Text a foto (eo) 
300 |b Fotogr. 
610 1 7 |a Slovenská poľnohospodárska a potravinárska komora  |b Valné zhromaždenie  |d 2007  |2 snkbucl  |9 1068528 
610 2 7 |a Ľubovnianske kúpele (Slovensko)  |2 snkbucl  |9 194959 
648 7 |a 2007  |2 snkbucl  |9 313226 
650 0 7 |a poľnohospodárstvo  |2 snkbucl  |9 679 
651 7 |a Stará Ľubovňa (Slovensko)  |2 snkbucl  |9 19193 
700 1 |a Saloň, Vasiľ  |4 ive  |4 aut  |9 611581 
773 0 |t Ľubovnianske noviny  |g Roč. XXXIII, č. 13 (2007), s. 2 
852 |a SLLK  |b KIS3GCP 
999 |c 1756661  |d 1758591